[Event "Liga Madrileña - DH 2014-2015"]
[Site "Madrid ESP"]
[Date "2015.02.07"]
[Round "9.21"]
[White "Moreno Trujillo, Alejandro"]
[Black "Valles Moreno, Ivan"]
[Result "1/2-1/2"]
[WhiteElo "2522"]
[BlackElo "2391"]
[PlyCount "122"]
[EventDate "2014.11.23"]
[EventType "team-tourn"]
[EventRounds "14"]
[EventCountry "ESP"]
[Source "lmi"]
[SourceDate "2014.11.23"]
[WhiteTeam "64 Villalba"]
[BlackTeam "Liberty Chess"]
[WhiteTeamCountry "ESP"]
[BlackTeamCountry "ESP"]

1. d4 g6 2. e4 d6 3. Nc3 Bg7 4. Be3 c6 5. Qd2 b5 6. h4 Nf6 7. f3 h5 8. Nh3 Bxh3
9. Rxh3 Nbd7 10. Bd3 Qc7 11. f4 Nb6 12. e5 Ng4 13. Qe2 O-O 14. Bd2 b4 15. Ne4
c5 16. dxc5 dxc5 17. c4 Rad8 18. Ng5 e6 19. O-O-O Rd4 20. Nf3 Rd7 21. Be4 Rfd8
22. Rhh1 Qc8 23. Kb1 Qa6 24. b3 Nd5 25. Rhe1 Ne7 26. Bc1 Qc8 27. Rxd7 Qxd7 28.
Bc2 a5 29. Rd1 Qc7 30. Rxd8+ Qxd8 31. Qd2 Qxd2 32. Bxd2 f6 33. exf6 Bxf6 34.
Ng5 Bxg5 35. hxg5 Nf5 36. Be4 Kf7 37. Be1 Nd4 38. g3 e5 39. Bd5+ Ke7 40. fxe5
Nxe5 41. Bd2 Ne2 42. Kc2 Nd7 43. Be4 Kf7 44. Be1 Ne5 45. Bd5+ Ke7 46. Bf2 Kd6
47. Bg2 Nf7 48. Be3 Ne5 49. Bf2 Ng4 50. Kd2 Nc3 51. Be1 Ke5 52. Bf3 Kf5 53.
Bxg4+ hxg4 54. Kd3 Ne4 55. Ke3 Nxg5 56. Bf2 Nh3 57. Be1 Ke5 58. Kd3 Ng5 59. Bd2
Ne6 60. Be3 Kf5 61. Bf2 Ke5 1/2-1/2

[Event "Liga Madrileña - DH 2014-2015"]
[Site "Madrid ESP"]
[Date "2015.02.07"]
[Round "9.23"]
[White "Longa Yauca, Javier"]
[Black "Perez Gonzalez, Jose Manuel"]
[Result "0-1"]
[WhiteElo "2284"]
[BlackElo "2349"]
[PlyCount "116"]
[EventDate "2014.11.23"]
[EventType "team-tourn"]
[EventRounds "14"]
[EventCountry "ESP"]
[Source "lmi"]
[SourceDate "2014.11.23"]
[WhiteTeam "64 Villalba"]
[BlackTeam "Liberty Chess"]
[WhiteTeamCountry "ESP"]
[BlackTeamCountry "ESP"]

1. c4 c5 2. Nc3 g6 3. g3 Bg7 4. Bg2 Nc6 5. d3 Nf6 6. Nh3 O-O 7. Nf4 b6 8. Bd2
Bb7 9. a3 Qc8 10. O-O e6 11. Rb1 Nd4 12. e4 d6 13. b4 Nd7 14. Nb5 Nxb5 15. cxb5
Ne5 16. a4 Qd7 17. Qb3 Rac8 18. Rbc1 Rc7 19. Rc2 Rfc8 20. Rfc1 h5 21. h3 Kh7
22. Be3 Qd8 23. Kf1 cxb4 24. d4 Rxc2 25. Rxc2 Rxc2 26. Qxc2 Nd7 27. Nd3 a5 28.
bxa6 Bxa6 29. Ke1 Bxd3 30. Qxd3 e5 31. d5 Bh6 32. Bxh6 Kxh6 33. Qd2+ Kg7 34.
Qxb4 Qc7 35. Kd2 Qc5 36. Qxc5 Nxc5 37. Kc3 Nxa4+ 38. Kb4 Nc5 39. Kb5 Kf8 40.
Kxb6 Nd3 41. f3 Ne1 42. Bh1 g5 43. Kb5 Nc2 44. h4 Nd4+ 45. Kb6 gxh4 46. gxh4
Ne2 47. Kc7 Ke7 48. f4 Nxf4 49. Bf3 f6 50. Kc6 Ng6 51. Bxh5 Nxh4 52. Bg4 Ng2
53. Bf5 Ne3 54. Bh3 Nc2 55. Bg4 f5 56. exf5 Nb4+ 57. Kb5 Nxd5 58. Bh3 Ne3 0-1

[Event "Liga Madrileña - DH 2014-2015"]
[Site "Madrid ESP"]
[Date "2015.02.07"]
[Round "9.24"]
[White "Gallardo Garcia, Andres"]
[Black "Lopez del Alamo, Antonio"]
[Result "1/2-1/2"]
[WhiteElo "2329"]
[BlackElo "2260"]
[PlyCount "47"]
[EventDate "2014.11.23"]
[EventType "team-tourn"]
[EventRounds "14"]
[EventCountry "ESP"]
[Source "lmi"]
[SourceDate "2014.11.23"]
[WhiteTeam "Liberty Chess"]
[BlackTeam "64 Villalba"]
[WhiteTeamCountry "ESP"]
[BlackTeamCountry "ESP"]

1. g3 g6 2. Bg2 Bg7 3. e4 c5 4. f4 Nc6 5. Nf3 d6 6. d3 Bg4 7. h3 Bxf3 8. Qxf3
e6 9. O-O Nge7 10. c3 O-O 11. Na3 d5 12. Kh1 f5 13. exd5 exd5 14. Bd2 Qd7 15.
Rab1 Rad8 16. Nc2 Kh8 17. Qf2 c4 18. Qf3 cxd3 19. Qxd3 Ng8 20. Be3 Nf6 21. Rbd1
Ne4 22. Kh2 Qc7 23. Nd4 Rfe8 24. Bg1 1/2-1/2

[Event "Liga Madrileña - DH 2014-2015"]
[Site "Madrid ESP"]
[Date "2015.02.07"]
[Round "9.25"]
[White "Perez Felipe, Marcos Adrian"]
[Black "Hinojar Diez, David"]
[Result "0-1"]
[WhiteElo "2201"]
[BlackElo "2164"]
[PlyCount "100"]
[EventDate "2014.11.23"]
[EventType "team-tourn"]
[EventRounds "14"]
[EventCountry "ESP"]
[Source "lmi"]
[SourceDate "2014.11.23"]
[WhiteTeam "64 Villalba"]
[BlackTeam "Liberty Chess"]
[WhiteTeamCountry "ESP"]
[BlackTeamCountry "ESP"]

1. d4 d5 2. c4 e6 3. Nc3 Nf6 4. cxd5 exd5 5. Bg5 c6 6. Qc2 Nbd7 7. e3 Qa5 8.
Bd3 Bb4 9. Nge2 O-O 10. O-O h6 11. Bf4 Re8 12. a3 Bf8 13. h3 Qd8 14. Bh2 a5 15.
Rfd1 Nb6 16. Nb5 Re7 17. Nd6 Be6 18. Nf5 Bxf5 19. Bxf5 Ne4 20. Nc3 Nd6 21. Bd3
Re6 22. b4 Ndc4 23. Qb3 a4 24. Qc2 Bd6 25. Bxc4 Nxc4 26. Nxa4 b5 27. Nc5 Bxc5
28. bxc5 Rxa3 29. Rxa3 Nxa3 30. Qc3 Nc4 31. Ra1 Qd7 32. Ra8+ Re8 33. Qa1 Rxa8
34. Qxa8+ Kh7 35. Qb8 Qf5 36. Bd6 Qb1+ 37. Kh2 Nd2 38. h4 Nf1+ 39. Kg1 Nxe3+
40. Kh2 Nf1+ 41. Kg1 Nd2+ 42. Kh2 Qe4 43. Bf4 Qxd4 44. Bxd2 Qxd2 45. Qc7 b4 46.
Qxf7 Qc2 47. f4 Qe4 48. g3 Qg6 49. Qb7 Qc2+ 50. Kh3 b3 0-1

[Event "Liga Madrileña - DH 2014-2015"]
[Site "Madrid ESP"]
[Date "2015.02.07"]
[Round "9.26"]
[White "Paredes Sanchez, Juan Antonio"]
[Black "Martinez Alvira, Santiago"]
[Result "1-0"]
[WhiteElo "2195"]
[BlackElo "2006"]
[PlyCount "57"]
[EventDate "2014.11.23"]
[EventType "team-tourn"]
[EventRounds "14"]
[EventCountry "ESP"]
[Source "lmi"]
[SourceDate "2014.11.23"]
[WhiteTeam "Liberty Chess"]
[BlackTeam "64 Villalba"]
[WhiteTeamCountry "ESP"]
[BlackTeamCountry "ESP"]

1. e4 c5 2. Nf3 g6 3. d4 cxd4 4. Nxd4 Nc6 5. Nc3 Bg7 6. Nb3 Bxc3+ 7. bxc3 Nf6
8. Bd3 O-O 9. c4 d6 10. O-O b6 11. a4 Bb7 12. Qe1 Qc7 13. f4 Nd7 14. Bb2 f6 15.
Qh4 Kg7 16. Rf3 e5 17. Rh3 Rh8 18. Qh6+ Kf7 19. c5 Na5 20. cxd6 Qxd6 21. Rd1
Qb4 22. Nxa5 bxa5 23. Bc4+ Qxc4 24. Rxd7+ Ke6 25. Rhd3 Qc5+ 26. Kh1 Bxe4 27.
Ba3 Qxc2 28. Qh3+ Bf5 29. R3d6# 1-0

[Event "Liga Madrileña - DH 2014-2015"]
[Site "Madrid ESP"]
[Date "2015.02.08"]
[Round "9.31"]
[White "Solaesa Navalpotro, Luis Julio"]
[Black "Almagro Llamas, Pablo"]
[Result "0-1"]
[WhiteElo "2251"]
[BlackElo "2487"]
[PlyCount "60"]
[EventDate "2014.11.23"]
[EventType "team-tourn"]
[EventRounds "14"]
[EventCountry "ESP"]
[Source "lmi"]
[SourceDate "2014.11.23"]
[WhiteTeam "Moratalaz"]
[BlackTeam "Virgen de Atocha"]
[WhiteTeamCountry "ESP"]
[BlackTeamCountry "ESP"]

1. d4 Nf6 2. c4 e6 3. Nc3 Bb4 4. Qc2 O-O 5. Nf3 c5 6. dxc5 Na6 7. g3 Nxc5 8.
Bg2 b6 9. O-O Bxc3 10. Qxc3 Ba6 11. b4 Nce4 12. Qd4 Rc8 13. b5 Bb7 14. Bb2 Qc7
15. Rac1 d6 16. Nd2 e5 17. Qd3 Nc5 18. Qc2 Bxg2 19. Kxg2 Qb7+ 20. Kg1 Qd7 21.
Kg2 h5 22. Rfd1 Qe6 23. e4 h4 24. f3 Nh5 25. Nf1 hxg3 26. hxg3 Qg6 27. Ba3 f5
28. Bxc5 Rxc5 29. exf5 Rxf5 30. Rxd6 Nf4+ 0-1

[Event "Liga Madrileña - DH 2014-2015"]
[Site "Madrid ESP"]
[Date "2015.02.08"]
[Round "9.32"]
[White "Rubio Mejia, Luis Ignacio"]
[Black "Fraga Castro, Jose Carlos"]
[Result "1-0"]
[WhiteElo "2453"]
[BlackElo "2174"]
[PlyCount "59"]
[EventDate "2014.11.23"]
[EventType "team-tourn"]
[EventRounds "14"]
[EventCountry "ESP"]
[Source "lmi"]
[SourceDate "2014.11.23"]
[WhiteTeam "Virgen de Atocha"]
[BlackTeam "Moratalaz"]
[WhiteTeamCountry "ESP"]
[BlackTeamCountry "ESP"]

1. d4 d6 2. Nf3 g6 3. c4 Bg7 4. Nc3 Bg4 5. e3 Nf6 6. Be2 O-O 7. O-O c6 8. h3
Bf5 9. b4 Ne4 10. Bb2 Qc7 11. Nxe4 Bxe4 12. Nd2 Bf5 13. e4 Bc8 14. Qb3 c5 15.
bxc5 dxc5 16. d5 e5 17. Bc3 Nd7 18. Qb2 h5 19. f4 f6 20. f5 Kf7 21. fxg6+ Kxg6
22. Nf3 Rh8 23. Nh4+ Kf7 24. Nf5 Nb6 25. Nxg7 Kxg7 26. Rxf6 Na4 27. Qd2 Kxf6
28. Qf4+ Kg6 29. Bxe5 Nc3 30. Qg3+ 1-0

[Event "Liga Madrileña - DH 2014-2015"]
[Site "Madrid ESP"]
[Date "2015.02.08"]
[Round "9.33"]
[White "Gonzalez Rivera, Eduardo"]
[Black "Martinez Martin, David"]
[Result "0-1"]
[WhiteElo "2092"]
[BlackElo "2407"]
[PlyCount "78"]
[EventDate "2014.11.23"]
[EventType "team-tourn"]
[EventRounds "14"]
[EventCountry "ESP"]
[Source "lmi"]
[SourceDate "2014.11.23"]
[WhiteTeam "Moratalaz"]
[BlackTeam "Virgen de Atocha"]
[WhiteTeamCountry "ESP"]
[BlackTeamCountry "ESP"]

1. e4 e6 2. d4 d5 3. Nd2 Be7 4. e5 c5 5. c3 Nc6 6. Ngf3 cxd4 7. cxd4 Nh6 8. Bd3
Nf5 9. Nb3 Qb6 10. a4 Bb4+ 11. Kf1 Bd7 12. Bb5 Rc8 13. g4 Nfe7 14. Bd2 Bxd2 15.
Qxd2 a6 16. Bxc6 Qxb3 17. Bxd7+ Kxd7 18. Ra3 Qc2 19. Qb4 Qc4+ 20. Qxc4 Rxc4 21.
Kg2 Rb4 22. b3 Rc8 23. Rd1 Rc3 24. Ng5 Ke8 25. Nxh7 Ng6 26. Ng5 Nf4+ 27. Kf1 f6
28. exf6 gxf6 29. Nh7 Kf7 30. g5 fxg5 31. Nxg5+ Kf6 32. h4 Rxd4 33. Raa1 Rxd1+
34. Rxd1 Rxb3 35. Kg1 Rb4 36. a5 Ng6 37. Nf3 Nxh4 38. Nxh4 Rxh4 39. Rb1 Ra4 0-1

[Event "Liga Madrileña - DH 2014-2015"]
[Site "Madrid ESP"]
[Date "2015.02.08"]
[Round "9.35"]
[White "Garcia Ruido, Ricardo"]
[Black "Rodrigo Yanguas, Maria"]
[Result "1/2-1/2"]
[WhiteElo "2053"]
[BlackElo "2184"]
[PlyCount "100"]
[EventDate "2014.11.23"]
[EventType "team-tourn"]
[EventRounds "14"]
[EventCountry "ESP"]
[Source "lmi"]
[SourceDate "2014.11.23"]
[WhiteTeam "Moratalaz"]
[BlackTeam "Virgen de Atocha"]
[WhiteTeamCountry "ESP"]
[BlackTeamCountry "ESP"]

1. e4 e6 2. d3 d5 3. Nd2 b6 4. Ngf3 Nf6 5. c3 c5 6. e5 Nfd7 7. d4 Ba6 8. Bxa6
Nxa6 9. a3 Nc7 10. Nf1 Be7 11. Ng3 a5 12. O-O b5 13. Ne1 O-O 14. Nh5 f5 15.
exf6 Nxf6 16. Nxf6+ Rxf6 17. Bg5 Rg6 18. Bxe7 Qxe7 19. Nf3 Rf8 20. Ne5 Rh6 21.
g3 Rf5 22. f4 Ne8 23. Qe2 c4 24. Kg2 Nd6 25. Ng4 Rg6 26. Ne5 Rgf6 27. Ng4 Rf8
28. Rae1 Re8 29. Rf3 b4 30. axb4 axb4 31. Re3 Ne4 32. Nf2 Nxf2 33. Qxf2 Rf6 34.
Qe2 Kf7 35. Qh5+ Kg8 36. Qxd5 exd5 37. Rxe7 Rxe7 38. Rxe7 b3 39. Kf3 Ra6 40. f5
Ra2 41. Re2 Kf7 42. Kf4 Kf6 43. g4 h6 44. h4 g5+ 45. fxg6 Kxg6 46. Ke5 Ra5 47.
Kd6 Kf6 48. Kc6 Kf7 49. Kb6 Ra2 50. Kc6 Ra5 1/2-1/2

[Event "Liga Madrileña - DH 2014-2015"]
[Site "Madrid ESP"]
[Date "2015.02.08"]
[Round "9.34"]
[White "Vazquez Torres, Adrian"]
[Black "Cortes Jurado, Rafael"]
[Result "1/2-1/2"]
[WhiteElo "2198"]
[BlackElo "2058"]
[PlyCount "86"]
[EventDate "2014.11.23"]
[EventType "team-tourn"]
[EventRounds "14"]
[EventCountry "ESP"]
[Source "lmi"]
[SourceDate "2014.11.23"]
[WhiteTeam "Virgen de Atocha"]
[BlackTeam "Moratalaz"]
[WhiteTeamCountry "ESP"]
[BlackTeamCountry "ESP"]

1. e4 e5 2. Nf3 Nf6 3. Nc3 Nc6 4. Bc4 Nxe4 5. O-O Nxc3 6. dxc3 Be7 7. Qd5 O-O
8. Nxe5 Nxe5 9. Qxe5 Bf6 10. Qh5 c6 11. Bf4 d5 12. Bd3 g6 13. Qf3 Bg7 14. Qg3
Qb6 15. Rab1 Re8 16. Bc7 Qc5 17. Bd6 Qb6 18. a4 Bd7 19. b4 Qd8 20. c4 dxc4 21.
Bxc4 Be6 22. Bd3 Qf6 23. Bf4 Bf5 24. Rbd1 Bxd3 25. Rxd3 Rad8 26. Re3 Rxe3 27.
Bxe3 Qe5 28. Qxe5 Bxe5 29. f4 Bd4 30. Kf2 f5 31. Rb1 Kf7 32. g3 b6 33. Bxd4
Rxd4 34. Ke3 Rc4 35. Kd3 Re4 36. c4 Ke6 37. Ra1 Kd6 38. h3 c5 39. b5 Rd4+ 40.
Kc3 Re4 41. Kd3 Rd4+ 42. Kc3 Re4 43. Kd3 Rd4+ 1/2-1/2

[Event "Liga Madrileña - DH 2014-2015"]
[Site "Madrid ESP"]
[Date "2015.02.08"]
[Round "9.36"]
[White "Plazuelo Pascual, Juan"]
[Black "Barranco Sanz, Luis Miguel"]
[Result "1-0"]
[WhiteElo "2122"]
[BlackElo "1988"]
[PlyCount "66"]
[EventDate "2014.11.23"]
[EventType "team-tourn"]
[EventRounds "14"]
[EventCountry "ESP"]
[Source "lmi"]
[SourceDate "2014.11.23"]
[WhiteTeam "Virgen de Atocha"]
[BlackTeam "Moratalaz"]
[WhiteTeamCountry "ESP"]
[BlackTeamCountry "ESP"]

1. d4 d5 2. c4 e6 3. Nc3 Nf6 4. cxd5 exd5 5. Bg5 c6 6. Qc2 Be7 7. e3 Bg4 8. Bd3
Nbd7 9. h3 Bh5 10. f4 h6 11. Bxf6 Nxf6 12. g4 Bxg4 13. hxg4 Nxg4 14. Qe2 Bh4+
15. Kf1 Nf2 16. Rxh4 Nxd3 17. Rg4 Qd7 18. Rxg7 Qf5 19. Rd1 Kf8 20. Rg2 Nb4 21.
a3 Na6 22. Qg4 Qf6 23. Nf3 Re8 24. Ne5 Nb8 25. Kf2 Ke7 26. Rh1 Reg8 27. Qh4
Rxg2+ 28. Kxg2 Na6 29. Ne2 Nc7 30. Ng3 Qxh4 31. Rxh4 Kf6 32. Nh5+ Kf5 33. Nxf7
Ke4 1-0

[Event "Liga Madrileña - DH 2014-2015"]
[Site "Madrid ESP"]
[Date "2015.02.08"]
[Round "9.41"]
[White "Candela Perez, Jose"]
[Black "Granda Zuniga, Julio E"]
[Result "0-1"]
[WhiteElo "2430"]
[BlackElo "2654"]
[PlyCount "90"]
[EventDate "2014.11.23"]
[EventType "team-tourn"]
[EventRounds "14"]
[EventCountry "ESP"]
[Source "lmi"]
[SourceDate "2014.11.23"]
[WhiteTeam "La Casa del Ajedrez"]
[BlackTeam "Collado Villalba"]
[WhiteTeamCountry "ESP"]
[BlackTeamCountry "ESP"]

1. d4 Nf6 2. c4 e6 3. Nf3 b6 4. a3 Bb7 5. Nc3 Ne4 6. Nxe4 Bxe4 7. e3 c5 8. Bd3
Bb7 9. O-O Be7 10. b3 O-O 11. d5 exd5 12. cxd5 Bf6 13. Ra2 d6 14. e4 Nd7 15.
Bf4 Qe7 16. Re2 g6 17. Bb5 Rfd8 18. a4 a6 19. Bc4 Bc8 20. Qd3 Bg7 21. Bg5 f6
22. Bh4 Kh8 23. Qc2 g5 24. Bg3 Nf8 25. Nd2 Ng6 26. Rb1 h5 27. h3 g4 28. hxg4
Bxg4 29. f3 Bd7 30. e5 f5 31. e6 Qg5 32. Nf1 Be8 33. Bd3 Bd4+ 34. Kh1 Ne7 35.
b4 Nxd5 36. bxc5 dxc5 37. Bxf5 Nc3 38. e7 Rd5 39. Bh3 Nxe2 40. Qxe2 Qf6 41. Re1
b5 42. Ne3 Re5 43. Bxe5 Qxe5 44. axb5 axb5 45. Qd1 Ra1 0-1

[Event "Liga Madrileña - DH 2014-2015"]
[Site "Madrid ESP"]
[Date "2015.02.08"]
[Round "9.42"]
[White "Vazquez Igarza, Renier"]
[Black "Gallego Jimenez, Victoriano"]
[Result "1-0"]
[WhiteElo "2597"]
[BlackElo "2340"]
[PlyCount "114"]
[EventDate "2014.11.23"]
[EventType "team-tourn"]
[EventRounds "14"]
[EventCountry "ESP"]
[Source "lmi"]
[SourceDate "2014.11.23"]
[WhiteTeam "Collado Villalba"]
[BlackTeam "La Casa del Ajedrez"]
[WhiteTeamCountry "ESP"]
[BlackTeamCountry "ESP"]

1. Nf3 Nf6 2. c4 g6 3. Nc3 Bg7 4. e4 d6 5. d4 O-O 6. Be2 c5 7. O-O Na6 8. d5
Nc7 9. h3 e5 10. dxe6 Nxe6 11. Be3 b6 12. Qc2 Nd7 13. Rad1 Ne5 14. Nb5 Qf6 15.
b3 Nf4 16. Nxe5 dxe5 17. Bg4 Qg5 18. Bxf4 exf4 19. Rd5 Be5 20. Bxc8 Rfxc8 21.
Qd3 Qf6 22. Rd1 a6 23. Na3 Re8 24. Nc2 Qe6 25. Qf3 h5 26. b4 cxb4 27. Nxb4 Bg7
28. e5 Rac8 29. R1d4 Bxe5 30. Re4 Qf6 31. Qe2 f3 32. Qe1 Qg5 33. g3 f6 34. Nd3
Qf5 35. Qe3 Re7 36. Ne1 Qxh3 37. Nxf3 Rce8 38. Nxe5 Rxe5 39. Rexe5 Rxe5 40.
Rxe5 fxe5 41. Qxb6 Qf5 42. c5 h4 43. Qd8+ Kf7 44. Qxh4 Qc2 45. Qh7+ Kf6 46.
Qh8+ Kf5 47. Qc8+ Ke4 48. Qc6+ Kf5 49. Qd5 Qe2 50. c6 Qc2 51. Kg2 Kf6 52. Qd6+
Kf5 53. Qd7+ Kg5 54. c7 Qe4+ 55. Kh2 Qc2 56. Qd8+ Kh6 57. Qh8+ Kg5 1-0

[Event "Liga Madrileña - DH 2014-2015"]
[Site "Madrid ESP"]
[Date "2015.02.08"]
[Round "9.43"]
[White "Suarez Uriel, Adrian"]
[Black "Arribas Lopez, Angel"]
[Result "0-1"]
[WhiteElo "2283"]
[BlackElo "2537"]
[PlyCount "100"]
[EventDate "2014.11.23"]
[EventType "team-tourn"]
[EventRounds "14"]
[EventCountry "ESP"]
[Source "lmi"]
[SourceDate "2014.11.23"]
[WhiteTeam "La Casa del Ajedrez"]
[BlackTeam "Collado Villalba"]
[WhiteTeamCountry "ESP"]
[BlackTeamCountry "ESP"]

1. e4 e6 2. d4 d5 3. Nc3 Nf6 4. Bg5 Bb4 5. e5 h6 6. Bc1 Ne4 7. Qg4 Kf8 8. Nge2
c5 9. a3 Ba5 10. b4 Nxc3 11. Nxc3 cxb4 12. Nd1 Nc6 13. Bd3 Bb6 14. Bb2 Qg5 15.
Qxg5 hxg5 16. axb4 Bxd4 17. Bxd4 Nxd4 18. b5 Bd7 19. Nc3 Ke7 20. Kd2 a6 21.
bxa6 bxa6 22. h3 a5 23. Rhb1 Nc6 24. Re1 Rhb8 25. Na4 Nb4 26. Reb1 Nxd3 27.
Rxb8 Rxb8 28. Kxd3 Bb5+ 29. Kd4 Bxa4 30. Rxa4 Ra8 31. Kc3 f6 32. Kd4 Kd7 33. c4
Kc6 34. cxd5+ exd5 35. exf6 gxf6 36. Ra3 a4 37. g3 Kb5 38. Kxd5 Kb4 39. Ra1 Re8
40. h4 gxh4 41. gxh4 a3 42. f4 Kb3 43. h5 a2 44. Rh1 Rh8 45. Ke6 Rxh5 46. Ra1
f5 47. Rg1 Kc3 48. Kf6 Kd4 49. Kg6 Rh8 50. Kxf5 Rf8+ 0-1

[Event "Liga Madrileña - DH 2014-2015"]
[Site "Madrid ESP"]
[Date "2015.02.08"]
[Round "9.44"]
[White "Moreno Ruiz, Javier"]
[Black "Madina Yadarola, Martin"]
[Result "1-0"]
[WhiteElo "2470"]
[BlackElo "2281"]
[PlyCount "155"]
[EventDate "2014.11.23"]
[EventType "team-tourn"]
[EventRounds "14"]
[EventCountry "ESP"]
[Source "lmi"]
[SourceDate "2014.11.23"]
[WhiteTeam "Collado Villalba"]
[BlackTeam "La Casa del Ajedrez"]
[WhiteTeamCountry "ESP"]
[BlackTeamCountry "ESP"]

1. d4 d6 2. Nf3 Bg4 3. c4 Nd7 4. Qb3 Rb8 5. h3 Bxf3 6. Qxf3 g6 7. Nc3 Bg7 8. e3
c5 9. Qd1 Ngf6 10. Be2 O-O 11. O-O a6 12. b3 Qa5 13. Bd2 Qc7 14. Rc1 Rfe8 15.
Qc2 Nf8 16. Rfd1 e6 17. Qb1 N6d7 18. Be1 Rbd8 19. Bf1 Nb8 20. a3 Qb6 21. Na4
Qc7 22. b4 cxd4 23. exd4 Nbd7 24. c5 dxc5 25. dxc5 Ne5 26. Bc3 Nc6 27. Bxg7
Kxg7 28. Qb2+ e5 29. Nb6 Nd4 30. Nc4 Nfe6 31. Re1 f6 32. Rc3 Re7 33. Nd6 Nf4
34. Rec1 Qc6 35. Re3 Nd5 36. Re4 Rxd6 37. cxd6 Qxd6 38. Rxd4 exd4 39. Qxd4 Qf4
40. Rd1 Qxd4 41. Rxd4 Nb6 42. g3 Rc7 43. h4 Kf7 44. Rd8 Ke7 45. Rh8 Kd6 46. Bd3
Ke5 47. h5 f5 48. hxg6 hxg6 49. Rg8 Kf6 50. Bf1 Rc1 51. Rb8 Ra1 52. Rxb7 Nc4
53. Kg2 Nd2 54. Bxa6 Rxa3 55. Rb6+ Kg7 56. Bb5 Ra2 57. Bc6 Nc4 58. Rb7+ Kf6 59.
Kf1 Ra1+ 60. Kg2 Ra2 61. Kg1 Ra1+ 62. Kh2 Ra2 63. Bd5 Rxf2+ 64. Kg1 Rc2 65. Rc7
Rc1+ 66. Kf2 Rc2+ 67. Kg1 Rc1+ 68. Kh2 Rc2+ 69. Kh3 g5 70. Rc6+ Ke5 71. Bxc4
Rc3 72. Kg2 Rc2+ 73. Kf1 Rc3 74. b5 Rxg3 75. b6 Rc3 76. b7 Rc1+ 77. Ke2 Rb1 78.
Ba6 1-0

[Event "Liga Madrileña - DH 2014-2015"]
[Site "Madrid ESP"]
[Date "2015.02.08"]
[Round "9.45"]
[White "Collado Barbas, Laura"]
[Black "Martinez Rodriguez, Pablo"]
[Result "1-0"]
[WhiteElo "2132"]
[BlackElo "2281"]
[PlyCount "53"]
[EventDate "2014.11.23"]
[EventType "team-tourn"]
[EventRounds "14"]
[EventCountry "ESP"]
[Source "lmi"]
[SourceDate "2014.11.23"]
[WhiteTeam "La Casa del Ajedrez"]
[BlackTeam "Collado Villalba"]
[WhiteTeamCountry "ESP"]
[BlackTeamCountry "ESP"]

1. d4 d5 2. c4 Nc6 3. Nf3 Bg4 4. Bf4 e6 5. e3 Bb4+ 6. Nc3 Nge7 7. Be2 dxc4 8.
Bxc4 O-O 9. Bg3 a6 10. Rc1 Nf5 11. Qc2 Bxf3 12. gxf3 g6 13. a3 Bxc3+ 14. bxc3
b5 15. Bd3 Nxg3 16. hxg3 Qd6 17. Ra1 Ne7 18. e4 c5 19. e5 Qc7 20. Qd2 f5 21.
Ke2 Rad8 22. Rh4 Nc6 23. Qe3 Rf7 24. Rah1 Qa5 25. Qg5 Rg7 26. Qf6 Re8 27. Rxh7
1-0

[Event "Liga Madrileña - DH 2014-2015"]
[Site "Madrid ESP"]
[Date "2015.02.08"]
[Round "9.46"]
[White "Bermejo Arruego, Luis"]
[Black "Unciti Juan, Javier"]
[Result "1-0"]
[WhiteElo "2174"]
[BlackElo "2110"]
[PlyCount "107"]
[EventDate "2014.11.23"]
[EventType "team-tourn"]
[EventRounds "14"]
[EventCountry "ESP"]
[Source "lmi"]
[SourceDate "2014.11.23"]
[WhiteTeam "Collado Villalba"]
[BlackTeam "La Casa del Ajedrez"]
[WhiteTeamCountry "ESP"]
[BlackTeamCountry "ESP"]

1. e4 e6 2. d4 d5 3. e5 c5 4. c3 Nc6 5. Nf3 Bd7 6. Be2 Nge7 7. O-O Nf5 8. Bd3
c4 9. Bc2 Be7 10. b3 b5 11. Nbd2 Qa5 12. b4 Qd8 13. a4 bxa4 14. b5 Na5 15. Bxf5
Bxb5 16. Bc2 Nb3 17. Ra2 O-O 18. Ba3 Bxa3 19. Rxa3 Qa5 20. Nb1 Qd8 21. Qe2 Rb8
22. Qe3 Qe7 23. Ra2 Bd7 24. Re1 Rb6 25. Ng5 h6 26. Nh7 Rfb8 27. Nf6+ Kf8 28.
Nxd7+ Qxd7 29. h4 R8b7 30. g3 Ke7 31. Qf4 Kd8 32. h5 Ra6 33. Nd2 Qe7 34. Nf3 a3
35. Qg4 Qf8 36. Qf4 Qe7 37. g4 Rab6 38. g5 hxg5 39. Qxg5 Qxg5+ 40. Nxg5 Ra6 41.
Rd1 Ke7 42. f4 Rb8 43. Kf2 Rh8 44. Rh1 f6 45. exf6+ gxf6 46. Nf3 Rh6 47. Bg6
Kd7 48. Ke3 Kc6 49. Nh2 f5 50. Nf3 Kb5 51. Ne5 Rh8 52. h6 Rxh6 53. Rxh6 Nc1 54.
Be8+ 1-0

[Event "Liga Madrileña - DH 2014-2015"]
[Site "Madrid ESP"]
[Date "2015.02.15"]
[Round "10.11"]
[White "Taboas Rodriguez, Daniel"]
[Black "Moreno Trujillo, Alejandro"]
[Result "1/2-1/2"]
[WhiteElo "2399"]
[BlackElo "2522"]
[PlyCount "167"]
[EventDate "2014.11.23"]
[EventType "team-tourn"]
[EventRounds "14"]
[EventCountry "ESP"]
[Source "lmi"]
[SourceDate "2014.11.23"]
[WhiteTeam "Blanco y Negro"]
[BlackTeam "64 Villalba"]
[WhiteTeamCountry "ESP"]
[BlackTeamCountry "ESP"]

1. d4 d5 2. c4 c6 3. cxd5 cxd5 4. Nc3 Nf6 5. Bf4 Nc6 6. Nf3 Nh5 7. Bd2 a6 8.
Rc1 e6 9. e3 Nf6 10. Bd3 Bd6 11. Na4 O-O 12. O-O Ne4 13. Nc5 f5 14. Nxa6 Nxd2
15. Qxd2 Qb6 16. Nc5 Rxa2 17. Rc2 e5 18. Be2 Ra5 19. Rfc1 e4 20. Ng5 Rf6 21. b4
Ra8 22. b5 Ne7 23. Ra2 Rxa2 24. Qxa2 h6 25. Nh3 g5 26. f4 exf3 27. Bxf3 Kg7 28.
Bxd5 Bxh2+ 29. Kxh2 Qd6+ 30. Kh1 Qxd5 31. Qxd5 Nxd5 32. e4 fxe4 33. Nxe4 Rf8
34. Nhf2 b6 35. Rc6 Bb7 36. Rd6 Ba8 37. Ng4 Rf4 38. Rd7+ Kg6 39. Ne5+ Kf5 40.
Ng3+ Ke6 41. Ra7 Rf8 42. Rh7 Nc3 43. Rxh6+ Kd5 44. Nd7 Rd8 45. Nxb6+ Kxd4 46.
Nxa8 Rxa8 47. b6 Rb8 48. Nf5+ Kc5 49. Rg6 Ne4 50. Re6 Kd5 51. Ng7 g4 52. Rg6
Ke5 53. Kh2 Nf6 54. Rg5+ Kd6 55. Rb5 Rb7 56. Nh5 Ne4 57. Rb4 Ke5 58. Ng3 Nf6
59. Kg1 Nd5 60. Re4+ Kf6 61. Rxg4 Rxb6 62. Rd4 Ne7 63. Kh2 Ng6 64. Kh3 Ra6 65.
Nh5+ Kg5 66. Rd5+ Kh6 67. Rb5 Ra3+ 68. g3 Ra6 69. Rf5 Ne7 70. Rc5 Ng6 71. Kg4
Ra4+ 72. Kh3 Ra6 73. Rb5 Rc6 74. Kg4 Ra6 75. Rf5 Ra4+ 76. Nf4 Nxf4 77. gxf4 Ra6
78. Rh5+ Kg6 79. f5+ Kg7 80. Kg5 Rb6 81. Rh1 Ra6 82. Rb1 Kf7 83. Rb7+ Kg8 84.
f6 1/2-1/2

[Event "Liga Madrileña - DH 2014-2015"]
[Site "Madrid ESP"]
[Date "2015.02.15"]
[Round "10.13"]
[White "Bolado Saez, Sergio"]
[Black "Longa Yauca, Javier"]
[Result "1-0"]
[WhiteElo "2358"]
[BlackElo "2284"]
[PlyCount "81"]
[EventDate "2014.11.23"]
[EventType "team-tourn"]
[EventRounds "14"]
[EventCountry "ESP"]
[Source "lmi"]
[SourceDate "2014.11.23"]
[WhiteTeam "Blanco y Negro"]
[BlackTeam "64 Villalba"]
[WhiteTeamCountry "ESP"]
[BlackTeamCountry "ESP"]

1. d4 Nf6 2. c4 e6 3. g3 d5 4. Nf3 c6 5. Bg2 Nbd7 6. b3 Bb4+ 7. Bd2 a5 8. O-O
O-O 9. Nc3 dxc4 10. bxc4 Nb6 11. Qb3 Bd7 12. Rab1 Ra6 13. c5 a4 14. Qc2 Nc4 15.
Be1 Qa5 16. a3 e5 17. Na2 exd4 18. Qxc4 Be6 19. Qc2 Bb3 20. Qb2 Bxc5 21. Bd2
Qb6 22. Bb4 Rd8 23. Rfc1 Bxb4 24. Nxb4 Ra5 25. Nd2 Qa7 26. Nxb3 axb3 27. Qxb3
Rxa3 28. Qc2 Re8 29. Bf3 g6 30. Nd3 Kg7 31. Rb4 Re7 32. Qc5 Rd7 33. Rcb1 h5 34.
Qxa7 Rxa7 35. Nc5 Re7 36. Rxb7 g5 37. Rxa7 Rxa7 38. Nb3 Ra2 39. Nxd4 c5 40.
Nf5+ Kh7 41. Rb6 1-0